TNA Wrestling Champions by Year - 2009 - Statistics

General Stats
  • This quiz has been taken 101 times
    81 since last reset
  • The average score is 26 of 33
Answer Stats
Title Date Event Wrestler % Correct
World Heavyweight September 20 No Surrender AJ Styles
100%
Legends March 15 Destination X AJ Styles
100%
World Heavyweight June 21 Slammiversary Kurt Angle
100%
X-Division August 16 Hard Justice Samoa Joe
92%
Tag Team April 19 Lockdown Brother Devon
89%
Tag Team April 19 Lockdown Brother Ray
89%
Tag Team July 19 Victory Road Booker T
86%
Legends July 19 Victory Road Kevin Nash
86%
Legends August 16 Hard Justice Kevin Nash
86%
Tag Team January 11 Genesis James Storm
84%
Tag Team June 21 Slammiversary James Storm
84%
Tag Team January 11 Genesis Robert Roode
84%
Tag Team June 21 Slammiversary Robert Roode
84%
Tag Team July 19 Victory Road Scott Steiner
81%
Knockouts April 19 Lockdown Angelina Love
78%
Knockouts July 19 Victory Road Angelina Love
78%
Tag Team January 8 TNA Impact! Jay Lethal
78%
World Heavyweight April 19 Lockdown Mick Foley
78%
Legends July 30 TNA Impact! Mick Foley
78%
Global October 18 Bound for Glory Eric Young
76%
X-Division January 11 Genesis Alex Shelley
73%
Tag Team January 8 TNA Impact! Consequences Creed
73%
Knockouts August 16 Hard Justice ODB
70%
Knockouts September 20 No Surrender ODB
70%
Tag Team October 18 Bound for Glory Doug Williams
68%
Knockouts July 9 TNA Impact! Tara
68%
Knockouts December 20 Final Resolution Tara
68%
Knockouts Tag Team September 20 No Surrender Taylor Wilde
68%
Tag Team October 18 Bound for Glory Brutus Magnus
59%
Knockouts Tag Team September 20 No Surrender Sarita
59%
X-Division October 8 TNA Impact! Amazing Red
57%
X-Division July 16 TNA Impact! Homicide
57%
X-Division March 15 Destination X Suicide
51%
No matching quizzes found
Score Distribution
Percent of People with Each Score
Percentile by Number Answered
Your Score History
You have not taken this quiz since the last reset